Návrh úprav čerpadla pri zmene typu upchávky
Guardado en:
| Autor principal: | |
|---|---|
| Otros Autores: | |
| Formato: | Manuscrito Libro |
| Lenguaje: | eslovaco |
| Publicado: |
2016
|
| Materias: | |
| Acceso en línea: | http://is.stuba.sk/zp/portal_zp.pl?podrobnosti=133136 |
| Etiquetas: |
Sin Etiquetas, Sea el primero en etiquetar este registro!
|
MARC
| LEADER | 00000ntm a22000003a 4500 | ||
|---|---|---|---|
| 001 | stuzp57826 | ||
| 003 | SK-STU | ||
| 005 | 20160719155356.3 | ||
| 007 | ta | ||
| 008 | 150427s2015----xo-----f-mn---000-0-slo-d | ||
| 040 | |a STU |b slo | ||
| 041 | 0 | |a slo | |
| 100 | 1 | |a Stanek, Juraj |u 020060 |4 aut |U SjF Strojnícka fakulta |T SjF Ústav energetických strojov a zariadení |X 42003 |U J0060 |Y 805 |7 42003 | |
| 242 | 0 | 1 | |a Proposal of pump adjustment after modification of the seal type |y eng |
| 245 | 1 | 0 | |a Návrh úprav čerpadla pri zmene typu upchávky |
| 260 | |c 2016 | ||
| 650 | 4 | |a hydrodynamické čerpadlo |2 slo | |
| 650 | 4 | |a šnúrová upchávka |2 slo | |
| 650 | 4 | |a mechanická upchávka |2 slo | |
| 650 | 4 | |a obslužný systém |2 slo | |
| 650 | 4 | |a hydrodynamic pump |2 eng | |
| 650 | 4 | |a compression packing |2 eng | |
| 650 | 4 | |a mechanical seal |2 eng | |
| 650 | 4 | |a seal supply system |2 eng | |
| 700 | 1 | |a Olšiak, Róbert |u 020060 |k Z1 |4 ths |U SjF Strojnícka fakulta |T SjF Ústav energetických strojov a zariadení |X 2339 |U J0060 |Y 805 |7 A000002339 | |
| 856 | 4 | |u http://is.stuba.sk/zp/portal_zp.pl?podrobnosti=133136 | |
| 996 | |b 284J043936 |c J* 2226/BP |l JJSK |s A |a 24 |w stuzp57826_0001 | ||
| SQL | |a stuzp57826 |b DBP |c SLO |d Návrh úprav čerpadla pri zmene typu upchávky |e 42003 |f Stanek, Juraj |g 020060 |h 2339 |i Olšiak, Róbert |j 20160613 |k 1126 |l 02 |m http://is.stuba.sk/zp/portal_zp.pl?podrobnosti=133136 |n B-ESZ |o 5.2.6. energetické stroje a zariadenia | ||